| Tag |
First Indicator |
Second Indicator |
Subfields |
| LEADER |
00000cam a2200000 4500 |
| 001 |
in00000078039 |
| 005 |
20151008055121.0 |
| 008 |
741031s1899 maua 00010 eng d |
| 010 |
|
|
|a 99001442
|
| 035 |
|
|
|a (OCoLC)01063540
|
| 035 |
|
|
|9 AAJ2596AM
|
| 040 |
|
|
|c BOS
|d m.c.
|d TXA
|d UtOrBLW
|
| 049 |
|
|
|a TXAM
|c 1 [1339781], 2 [91537]
|a TXAS [kipl]
|c 3
|
| 050 |
0 |
0 |
|a E168
|b .K58
|
| 100 |
1 |
|
|a Kipling, Rudyard,
|d 1865-1936.
|
| 245 |
1 |
0 |
|a American notes /
|c by Rudyard Kipling; with introduction.
|
| 264 |
|
1 |
|a Boston :
|b Brown and company,
|c 1899.
|
| 300 |
|
|
|a 137 pages :
|b frontispiece (portrait) ;
|c 18 cm.
|
| 336 |
|
|
|a text
|b txt
|2 rdacontent
|
| 337 |
|
|
|a unmediated
|b n
|2 rdamedia
|
| 338 |
|
|
|a volume
|b nc
|2 rdacarrier
|
| 651 |
|
0 |
|a United States
|v Aerial views.
|
| 651 |
|
0 |
|a United States
|v Pictorial works.
|
| 999 |
|
|
|a MARS
|
| 999 |
f |
f |
|s a079a6e3-6439-3f2f-a57a-8f7fff3d47da
|i b9acf717-efa7-361e-92ae-bc26c27d0b8b
|t 0
|
| 952 |
f |
f |
|p noncirc
|a Texas A&M University
|b College Station
|c Cushing Memorial Library & Archives
|d Cushing: Literature/Kipling (Does not check out)
|t 0
|e E168 .K58
|h Library of Congress classification
|i unmediated -- volume
|
| 952 |
f |
f |
|p ric
|a Texas A&M University
|b Rellis Campus
|c Joint Library Facility
|d Remote Storage
|t 0
|e E168 .K58
|h Library of Congress classification
|i unmediated -- volume
|m A14802153466
|
| 998 |
f |
f |
|a E168 .K58
|t 0
|l Cushing: Literature/Kipling (Does not check out)
|
| 998 |
f |
f |
|a E168 .K58
|t 0
|l Remote Storage
|